000 00492 a2200181 4500
003 OSt
005 20231202113112.0
008 231202b |||||||| |||| 00| 0 eng d
020 _a9789355495310
040 _coclc
082 _a920
_bGOW/A
100 _aGowriyamma, K.R.
_99972
245 _aAathmakatha /
_cK.R. Gowriyamma
250 _a7th ed.
260 _aKozhikode:
_bMathrubhumi Books,
_c2022.
300 _a384p.
942 _2ddc
_cBK
_h920
_iGOW/A
_k920
_mGOW/A
999 _c43932
_d43932